Język Polski #1 (części mowy) - Statystyki

Ogólne statystyki
  • Ten quiz został rozwiązany 65 razy
  • Średni wynik to 7 z 10
Statystyki odpowiedzi
Części mowy % Poprawnych
Rzeczownik
98%
Czasownik
96%
Przymiotnik
92%
Przysłówek
79%
Liczebnik
74%
Zaimek
72%
Przyimek
66%
Spójnik
55%
Partykuła
51%
Wykrzyknik
34%
Nie znaleziono quizów pasujących do podanych kryteriów
Rozkład punktacji
Procent ludzi z każdym wynikiem
Percentyl według liczby udzielonych odpowiedzi
Twoja historia wyników
Nie rozwiązałeś tego quizu